000 00390cam a2200169ua 4500
020 _c1.90
041 _aeng
_h
082 _a363.806
_bWHO/JO
100 _aWHO, .
245 0 0 _aJoint FAO/WHO expert committee on nutrition
260 _aGeneva :
_bWorld Health Organisation ,
_c1962.
300 _a68 ; .
365 _a1.90
504 _a
942 _cBK
999 _c5749
_d5749